00418 a2200169 4500260001100000100001700011260003800028245007200066300001400138650001700152650001200169650001500181650001700196260000900213130000800222020001800230 aLondon aASHURT, P.R. bBlackie Academic and Professional aProduction and packing of non carbonated fruit juices and beverages aXVI-429p. ajus de fruit aboisson aproduction aconservation c1995 lEn. a0-7514-0169-2